000 00331nam a2200133Ia 4500
008 191201s2012 xx 000 0 und d
100 _aDESWAL, Anupama
245 0 _aIntroduction to biotechnology
250 _aRep
260 _c2012
_bDhanpat Rai Pubns (P) Ltd
_aN. delhi
300 _aMISC
650 _aAPPLIED
942 _2ddc
_cBB
999 _c7552
_d7552